Les mycelium truffiers blanc /

Bibliographic Details
Main Author: Boulanger, Emile
Format: Book
Language:French
Published: Paris : Imprimerie Oberthur, 1903.
Subjects:

MARC

Tag First Indicator Second Indicator Subfields
LEADER 00000cam a2200000 4500
001 in00000047248
005 20151007071400.0
008 800603s1903 fr f 00010 fre d
035 |a (OCoLC)06384382 
035 |9 AAE5865AM 
040 |a TXA  |c TXA  |d UtOrBLW 
049 |a TXAM  |c [415076] 
090 |a QK623.T8  |b B7 
092 |a 589.231  |b B763m 
100 1 |a Boulanger, Emile. 
245 1 4 |a Les mycelium truffiers blanc /  |c par M. Emile Boulanger. 
264 1 |a Paris :  |b Imprimerie Oberthur,  |c 1903. 
300 |a 23 pages :  |b plates. 
336 |a text  |b txt  |2 rdacontent 
337 |a unmediated  |b n  |2 rdamedia 
338 |a volume  |b nc  |2 rdacarrier 
500 |a Cover-title. 
650 0 |a Truffles. 
999 |a MARS 
999 f f |s 49bd793a-4bcf-30fe-8cd0-b44e2f05f1c3  |i 922d7e78-5d3d-302e-a66e-616a21cd8f75  |t 0 
952 f f |p ric  |a Texas A&M University  |b Rellis Campus  |c Joint Library Facility  |d Remote Storage  |t 0  |e QK623.T8 B7  |h Library of Congress classification  |i unmediated -- volume  |m A14801000521 
998 f f |a QK623.T8 B7  |t 0  |l Remote Storage